Online Catalogue and eLibrary

Sarasavi diyaniyo (Record no. 4933)

MARC details
000 -LEADER
fixed length control field 00357nam a2200145Ia 4500
005 - DATE AND TIME OF LATEST TRANSACTION
control field 20250411054217.0
008 - FIXED-LENGTH DATA ELEMENTS--GENERAL INFORMATION
fixed length control field 240331s9999 xx 000 0 und d
082 ## - DDC Classification
Item Number - Author Mark SAN
Class No. 891
100 ## - MAIN ENTRY--PERSONAL NAME
Personal name Sannasgala,U.S
245 #0 - TITLE STATEMENT
Title Sarasavi diyaniyo
260 ## - PUBLICATION, DISTRIBUTION, ETC.
Place of publication, distribution, etc. Colombo
Name of publisher, distributor, etc. Godake & Sons
Date of publication, distribution, etc. 1990
300 ## - PHYSICAL DESCRIPTION
Extent (e.g. Volumes, Pages etc.) 157 p .,
500 ## - GENERAL NOTE
General note Story of A university girls
942 ## - Koha item type (Biblio)
Koha item type Books in Stacks (Lending)
Holdings
Lost status Damaged status Collection code Home library Current library Shelving location Date acquired Full call number Accession Number Item type
    Lending WERC Library WERC Library Social Science Cupboard 03/31/2024 891.48 SAN 1027 Books in Stacks (Lending)

© WERC Library